Central Library OPAC University of Rajshahi

একটি শহরের ইতিকথা / (Record no. 48912)

MARC details
000 -LEADER
fixed length control field 01057nam a2200253 a 4500
001 - CONTROL NUMBER
control field 48912
003 - CONTROL NUMBER IDENTIFIER
rucl marc code BD-RjUL
005 - DATE AND TIME OF LATEST TRANSACTION
control field 20211209054615.0
008 - FIXED-LENGTH DATA ELEMENTS--GENERAL INFORMATION
fixed length control field 160817s1966 ru |||| |||| 00| 0 ben d
020 ## - INTERNATIONAL STANDARD BOOK NUMBER
Terms of availability : TK. 3.00
035 ## - SYSTEM CONTROL NUMBER
System control number (BD-RjUL)49031
040 ## - CATALOGING SOURCE
Original cataloging agency BD-RjUL
Language of cataloging ben
Transcribing agency BD-RjUL
041 ## - LANGUAGE CODE
Language code of text/sound track or separate title ben
082 ## - DEWEY DECIMAL CLASSIFICATION NUMBER
Edition number 23
Classification number 891.73
Author mark and year TEE 1966
100 1# - MAIN ENTRY--PERSONAL NAME
Personal name টার্জ, আব্রাম
9 (RLIN) 147330
245 10 - TITLE STATEMENT
Title একটি শহরের ইতিকথা /
Statement of responsibility, etc. মানিয়া হারারি , ও আখতারুল আলম অনুবাদক
260 ## - PUBLICATION, DISTRIBUTION, ETC. (IMPRINT)
Place of publication, distribution, etc. ঢাকা :
Name of publisher, distributor, etc. সাইনিং বুক এজেম্সী
Date of publication, distribution, etc. ১৯৬৬
300 ## - PHYSICAL DESCRIPTION
Pagination ১৭০ পৃ. ;
Size ২১ সেমি.
650 ## - SUBJECT ADDED ENTRY--TOPICAL TERM
Topical term or geographic name as entry element রাশিয়ান উপন্যাস
9 (RLIN) 147320
Topical term or geographic name as entry element Russian Fiction
9 (RLIN) 147321
700 ## - ADDED ENTRY--PERSONAL NAME
Personal name হারারি, মানিয়া , ইংরেজী অনুবাদক
Personal name আলম, আখতার-উল বাংলা অনুবাদক
942 ## - ADDED ENTRY ELEMENTS (KOHA)
Source of classification or shelving scheme Dewey Decimal Classification
Koha item type Books
Holdings
Lost status Source of classification or shelving scheme Damaged status Not for loan Collection code Permanent Location Current Location Shelving location Date acquired Source of acquisition Cost, normal purchase price Total Checkouts Full call number Date last seen Copy number Koha item type
  Dewey Decimal Classification     Non-fiction Central Library, University of Rajshahi Central Library, University of Rajshahi   20/05/1970 Nawroge 3.00   B 891.73 TEE 1966 17/08/2016 C-2 Books